000 01169nmc a2200325 a 4500
003 AR-BaBNM
005 20251128203849.0
008 011101s1971 ||||||||||||||000 | spa||
040 _cAR-BaBNM
100 1 _aAndrews, L.O.
245 1 0 _aFormación práctica del docente
260 _aBuenos Aires
_bTroquel
_c1971
300 0 _a140 p.
_btablas
490 0 _aBiblioteca de la Nueva Educación
500 0 _aContiene glosario
500 1 _aEsta publicación ha sido preparada conjuntamente por la editorial y el Centro Regional de Ayuda Técnica, Agencia para el Desarrollo Internacional AID, Departamento de Estado del Gobierno de los Estados Unidos de América. El Centro es una organización dedi
504 _aBibliografía: p. 129-131
650 4 _aROL DEL DOCENTE
650 4 _aFORMACION DE DOCENTES
650 4 _aPERFIL PROFESIONAL DEL DOCENTE
650 4 _aPROGRAMACION PEDAGOGICA
650 4 _aPRACTICA DOCENTE
650 4 _aSUPERVISION DE LOS DOCENTES
650 4 _aMETODOS DE ENSENANZA
651 4 _aEstados Unidos
700 1 _aDavies, Don
_eprologuista
700 1 _aWalton, Roberto Juan
_etraductor
942 _cBK
998 _csilvi
999 _c5237
_d5237